000 00288nam a22001337a 4500
008 181224b xxu||||| |||| 00| 0 eng d
020 _a9780875846552
041 _aeng
080 _a338
100 _a55
101 _aMAN
245 _aWorking Knowledge
_cThomas.H.D
942 _2udc
_cBK
999 _c53736
_d53736